| 000 | 00883nam a22002777a 4500 | ||
|---|---|---|---|
| 001 | 000742 | ||
| 003 | DO-SdBNP | ||
| 005 | 20180209114834.0 | ||
| 007 | 000742 | ||
| 008 | 161125b 1998 sp a ||||| |||| 00| 0 spa d | ||
| 020 | _a8434855054 | ||
| 040 |
_aBPMSU _bspa _cBPMSU |
||
| 100 | 1 |
_aGarcía-Clairac, Santiago, _d1944- |
|
| 245 | 1 | 0 |
_aEl niño que quería ser Tintín / _cSantiago García-Clairac ; ilustraciones, Francesc Infante. |
| 250 | _a3ª ed. | ||
| 260 |
_aMadrid : _bSM, _c1998. |
||
| 300 |
_a103 p. : _bil. ; _c19 cm. |
||
| 490 | 1 |
_aBarco de vapor. Serie naranja _v105 |
|
| 500 | _aPara niños a partir de 9 años. | ||
| 500 | _aIncluye datos del autor | ||
| 700 | 1 |
_aInfante, Francesc, _eil. |
|
| 830 | 0 |
_aBarco de vapor. Serie naranja ; _v123 |
|
| 942 |
_2ddc _cBK |
||
| 945 | _aInventariado, 2018/MFF | ||
| 956 |
_2LOPEREZ _310 _620161125 _8BPMSU _a00041 |
||
| 999 |
_c12099 _d12099 |
||